000 01156nam a22002657a 4500
001 BRCA_9219
003 FranzMayer
005 20220809140127.0
008 220725b |||||||| |||| 00| 0 eng d
040 _bspa
_cMFM
041 1 _aspa
050 _aNK8839.A3C5
_bS73 2020
100 _aStanfield-Mazzi, Maya Selama,‏ ‎
_d1972-
_928499
245 1 4 _aLos paños de la Pasión de Chachapoyas /
_cMaya Stanfield-Mazzi
260 _aLima, Perú :
_bUniversidad Nacional Toribio Rodríguez de Mendoza de Amazonas,
_c2020
300 _a112 p. :
_bil., fot. col. ;
_c29.5 x 20.5 cm.
500 _aUbicación: L59-N5
520 _aEste libro es parte de un extenso estudio de textiles litúrgicos de América Hispana. Uno de los aspectos más relevantes de este proyecto ha sido la oportunidad de aprender sobre la provincia de Chachapoyas, su variada y rica cultura y sus textiles únicos.
650 _aTextiles
_xHistoria
_zChachapoyas (Peru)
_928502
651 _aChachapoyas (Peru)
_xPintura de telas
_xHistoria
_928503
700 _aAbel Chichipe
_928500
_etrad.
700 _aJuan Julón
_928501
_etrad.
942 _2lcc
_cB
999 _c10838
_d10838